Tilastot visalle Brasilian osavaltiot

Klikkaa tästä pelataksesi tätä visaa!

Yleistilastot

  • Tätä visaa on pelattu 47 kertaa
  • Keskiarvotulos 15 / 27

Vastaukset kartalla

Vastauksille on annettu kartalla punavihreä väri sen mukaan, kuinka moni on saanut sen oikein.
Ladataan ...
 

Vastaustilastot

Osavaltio% Oikein
Rio de Janeiro
97%
São Paulo
86%
Amazonas
73%
Mato Grosso
62%
Acre
59%
Minas Gerais
59%
Rio Grande do Sul
57%
Rio Grande do Norte
57%
Mato Grosso do Sul
57%
Pará
57%
Distrito Federal
57%
Paraíba
54%
Paraná
54%
Roraima
54%
Rondônia
51%
Espírito Santo
51%
Sergipe
51%
Santa Catarina
51%
Goiás
51%
Bahia
51%
Amapá
49%
Tocantins
49%
Pernambuco
49%
Piauí
49%
Alagoas
49%
Ceará
46%
Maranhão
46%

Tulosjakauma

Persentiili vastausten määrän mukaan

Jokaisen tuloksen saaneiden osuus

Tuloshistoriasi

Et ole pelannut tätä visaa